00567nam a2200205Ia 450000500170000000800460001703700110006304000080007404000080008204000080009004100080009804100080010608400080011410000450012224501130016726000090028030000100028965000080029970000540030720260430150100.0008 250103s9999 xx 000 0 eng d aTheses aCRL beng ceng 2eng aeng qCRL aKalwani Mukesh Au.; Mahlawat Shabnam Gu. 0aGreen Justice-Emerging Trends in India with Special Reference to models Adopted in Australia and New Zealand c2022 a305p. aLaw aUniversity of Delhi. Faculty of Law. Deptt of law